| 000 | 00415nam a2200121Ia 4500 | ||
|---|---|---|---|
| 008 | 220620s9999||||xx |||||||||||||| ||und|| | ||
| 100 | _aMurat Eyvaz||Ebubekir Yüksel | ||
| 245 | 0 | _aDesalination and Water Treatment | |
| 546 | _aEnglish[eng] | ||
| 650 | _aLife Sciences||Earth Science||Hydrology||Environmental Sciences | ||
| 856 | _uhttps://www.intechopen.com/books/desalination-and-water-treatment | ||
| 942 | _cEB | ||
| 999 |
_c31059 _d31059 |
||